Czy nazwiesz te ryby z Cat goes fishing? - Statystyki

Ogólne statystyki
  • Ten quiz został rozwiązany 45 razy
  • Średni wynik to 13 z 16
Statystyki odpowiedzi
Zagadnienie Odpowiedź % Poprawnych
Która z tych ryb to Bonefish?
100%
Która z tych ryb to Brimble?
100%
Która z tych ryb to Crystalfish?
94%
Która z tych ryb to Lumina?
94%
Która z tych ryb to Gallina?
89%
Która z tych ryb to Ray?
89%
Która z tych ryb to Goldfish?
89%
Która z tych ryb to Geiger?
83%
Która z tych ryb to Spinefish?
78%
Która z tych ryb to Bo?
78%
Która z tych ryb to Gnawer?
78%
Która z tych ryb to Akuma?
72%
Która z tych ryb to Angle?
72%
Która z tych ryb to Yang?
56%
Która z tych ryb to Lamby?
56%
Która z tych ryb to Santu?
44%
Nie znaleziono quizów pasujących do podanych kryteriów
Rozkład punktacji
Procent ludzi z każdym wynikiem
Percentyl według liczby udzielonych odpowiedzi
Twoja historia wyników
Nie rozwiązałeś tego quizu